| 000 | 00920nam a2200193Ia 4500 | ||
|---|---|---|---|
| 003 | GCL | ||
| 008 | 140319s9999 xx 000 0 ara d | ||
| 040 |
_aGCL / _cGCL |
||
| 082 | 0 | 4 |
_a920.71 _bل ك |
| 100 | 1 | _aلسان الدين بن الخطيب : لسان الدين ابو عبد الله محمد بن عبد الله بن سعيد السليماني الغرناطي | |
| 245 | 1 | 0 |
_aالكنيبة الكامنة فى من لقيناة بالاندلس من شعراء المائة الثامنة / _cلسان الدين بن الخطيب : لسان الدين ابو عبد الله محمد بن عبد الله بن سعيد السليماني الغرناطي |
| 260 |
_a[S.N] : _bدار الثقافة العربية |
||
| 300 | _a319 ص | ||
| 490 |
_aالمكتبة الاندلسية _v0 |
||
| 650 | 0 | 4 | _aالتراجم |
| 650 | 0 | 4 | _aالمرابطون |
| 650 | 0 | 4 | _aالموحدون |
| 942 |
_2ddc _cBK |
||
| 999 |
_c35110 _d35110 |
||